000 01049cam a22001934a 4500
005 20250605164031.0
008 250528s ||||||||||||||||||||||||d
035 _a16659
020 _a399531505
040 _aGR-AtMCL
_bgre
_dGR-AtMCL
_eAACR2
245 1 _aThe Art of War for Executives / Ancient Knowledge for Today's Business Professional: Revised with a New Introduction
260 _bPenguin Books,
_c1995
300 _a136
520 _aAn easy-to-read handbook for gaining success in all areas of competition. Success is an Art Form that Few Can Master. Armed with This Ancient Manual, You Can Join the Ranks of Business Professionals who Have Looked to Sun Tzu as Their Mentor and Gained a Competitive Advantage from His Classic Wisdom. His Ancient Principles of War, Reinterpreted for the Modern Businessperson, Offer the Skills to Gain an Advantage and Achieve Success in the Workplace...and the Strategies to Win at Work When Battles Arise.
700 1 _aKrause Donald G
_92746
942 _cBK
999 _c2134
_d2134